Family law / (Record no. 67928)

MARC details
000 -LEADER
fixed length control field 00545nam a22001697a 4500
005 - DATE AND TIME OF LATEST TRANSACTION
control field 20120614143512.0
020 ## - INTERNATIONAL STANDARD BOOK NUMBER
Terms of availability Rs. 200.00 (pbk)
035 ## - SYSTEM CONTROL NUMBER
System control number B-17697
037 ## - SOURCE OF ACQUISITION
Stock number DPL
Source of stock number/acquisition ENG
100 ## - MAIN ENTRY--PERSONAL NAME
Personal name Diwan, Paras
245 ## - TITLE STATEMENT
Title Family law /
Statement of responsibility, etc by Paras Diwan
250 ## - EDITION STATEMENT
Edition statement 5th ed.
260 ## - PUBLICATION, DISTRIBUTION, ETC. (IMPRINT)
Place of publication, distribution, etc Faridabad
Name of publisher, distributor, etc Allahabad Law Agency
Date of publication, distribution, etc 2000
300 ## - PHYSICAL DESCRIPTION
Extent 536p.
Dimensions 22 cms.
942 ## - ADDED ENTRY ELEMENTS (KOHA)
Source of classification or shelving scheme Dewey Decimal Classification
Item type English Books
Classification part 364.015
Call number suffix DIW
Holdings
Withdrawn status Lost status Not for loan Collection code Home library Current library Date acquired Cost, normal purchase price Full call number Barcode Cost, replacement price Koha item type
      Non-fiction Sarojini Nagar Sarojini Nagar 14/06/2012 200.00 364.015 DIW B-17697 200.00 English Books

© Delhi Public Library
Hit Counter
free hit counter